Normal view
MARC view
Entry Personal Name
001 - CONTROL NUMBER
- control field: 556331
003 - CONTROL NUMBER IDENTIFIER
- control field: OSt
005 - DATE AND TIME OF LATEST TRANSACTION
- control field: 20220930094813.0
008 - FIXED-LENGTH DATA ELEMENTS
- fixed length control field: 220930|| aca||aabn | a|a d
040 ## - CATALOGING SOURCE
- Original cataloging agency: OSt
- Transcribing agency: OSt
100 ## - HEADING--PERSONAL NAME
- Personal name: दिल्ली विश्वविद्यालय. कला संकाय. संस्कृत विभाग
670 ## - SOURCE DATA FOUND
- Source citation: Work cat.: (OSt)887705: कौशिक, अर्चना, कैंसर रोग तथा विविध अवस्थाओं में उसके निदान का योग और आयु, 2013
